000 02125cam a2200289 4500500
005 20251228052903.0
041 _afre
042 _adc
100 1 0 _aLallemant-Moe, Hervé Raimana
_eauthor
245 0 0 _aLes défis territoriaux et spatiaux des changements climatiques pour les territoires du Pacifique
260 _c2021.
500 _a55
520 _aLes territoires de l’océan Pacifique sont à visages multiples : États souverains, pays et États associés ou collectivités non souveraines. Pour autant et malgré ces différences institutionnelles, la Polynésie française, la Nouvelle-Calédonie et Wallis-et-Futuna partagent un destin environnemental commun avec l’ensemble des autres territoires du fait des changements climatiques. Si les conséquences environnementales sont bien connues, il ne faut pas pour autant oublier les conséquences juridiques de ces bouleversements globaux qui pourraient porter atteinte aux territoires et aux espaces de ces États et collectivités et a fortiori provoquer leurs disparitions.
520 _aThe Pacific Ocean territories have many faces: sovereign states, associated states/countries or non-sovereign territories. For all that and despite these institutional differences, French Polynesia, New Caledonia and Wallis and Futuna possess a common environmental destiny with all the other territories because of climate change. While the environmental consequences are well known, we must not forget the legal consequences of this global crisis, which could harm these states and communities territories and eventually cause their disappearance.
690 _aChangements climatiques
690 _adroit de l’environnement
690 _adroit de la mer
690 _aOcéanie
690 _aPacifique
690 _aClimate change
690 _aenvironmental law
690 _alaw of the sea
690 _aOceania
690 _aPacific
786 0 _nÉcologie & Politique | 63 | 2 | 2021-12-21 | p. 121-135 | 1166-3030
856 4 1 _uhttps://shs.cairn.info/revue-ecologie-et-politique-2021-2-page-121?lang=fr&redirect-ssocas=7080
999 _c1584755
_d1584755